Southville International School and Colleges
Your cart is empty.
  • Cart
  • Lists
    Public lists Eva Luna New books Lux_list list_1
    Your lists Log in to create your own lists
  • Log in to your account
  • Your cookies
  • Search history
Southville International School and Colleges
  • Advanced search
  • Recent comments
  • Most popular
  • Libraries

Log in to your account

Log in with GOOGLE


If you do not have an external account, but do have a local account, you can still log in:

  1. Home
  2. MARC view: Color me dark :
Normal view MARC view ISBD view

Color me dark : (Record no. 47445)

[ view plain ]
MARC details
000 -LEADER
fixed length control field 01304cam a2200397 a 4500
001 - CONTROL NUMBER
control field 2156601
003 - CONTROL NUMBER IDENTIFIER
control field ost
005 - DATE AND TIME OF LATEST TRANSACTION
control field 20140315111954.0
008 - FIXED-LENGTH DATA ELEMENTS--GENERAL INFORMATION
fixed length control field 990614s2000 nyu c 000 1 eng
010 ## - LIBRARY OF CONGRESS CONTROL NUMBER
LC control number 99016459
020 ## - INTERNATIONAL STANDARD BOOK NUMBER
International Standard Book Number 0439529115
040 ## - CATALOGING SOURCE
Original cataloging agency DLC
Transcribing agency DLC
Modifying agency DLC
042 ## - AUTHENTICATION CODE
Authentication code lcac
050 00 - LIBRARY OF CONGRESS CALL NUMBER
Classification number PZ 7
Item number .M478693Cm 2003
100 1# - MAIN ENTRY--PERSONAL NAME
Personal name McKissack, Pat,
Dates associated with a name 1944-
9 (RLIN) 24654
245 10 - TITLE STATEMENT
Title Color me dark :
Remainder of title the diary of Nellie Lee Love, the great migration North /
Statement of responsibility, etc by Patricia C. McKissack.
250 ## - EDITION STATEMENT
Edition statement 1st ed.
260 ## - PUBLICATION, DISTRIBUTION, ETC. (IMPRINT)
Place of publication, distribution, etc New York :
Name of publisher, distributor, etc Scholastic,
Date of publication, distribution, etc 2003
300 ## - PHYSICAL DESCRIPTION
Extent 218 p. ;
Dimensions 19 cm.
440 #0 - SERIES STATEMENT/ADDED ENTRY--TITLE
Title Dear America
9 (RLIN) 6041
521 ## - TARGET AUDIENCE NOTE
Target audience note
526 ## - STUDY PROGRAM INFORMATION NOTE
Reading level 680
650 #0 - SUBJECT ADDED ENTRY--TOPICAL TERM
Topical term or geographic name as entry element African Americans
Form subdivision Juvenile fiction.
9 (RLIN) 24655
650 #1 - SUBJECT ADDED ENTRY--TOPICAL TERM
Topical term or geographic name as entry element African Americans
Form subdivision Fiction.
9 (RLIN) 24656
650 #1 - SUBJECT ADDED ENTRY--TOPICAL TERM
Topical term or geographic name as entry element Family life
Form subdivision Fiction.
9 (RLIN) 24657
650 #1 - SUBJECT ADDED ENTRY--TOPICAL TERM
Topical term or geographic name as entry element Prejudices
Form subdivision Fiction.
9 (RLIN) 24658
650 #1 - SUBJECT ADDED ENTRY--TOPICAL TERM
Topical term or geographic name as entry element Sisters
Form subdivision Fiction.
9 (RLIN) 24659
650 #1 - SUBJECT ADDED ENTRY--TOPICAL TERM
Topical term or geographic name as entry element Diaries
Form subdivision Fiction.
9 (RLIN) 24660
651 #1 - SUBJECT ADDED ENTRY--GEOGRAPHIC NAME
Geographic name Tennessee
Form subdivision Fiction.
9 (RLIN) 24661
651 #1 - SUBJECT ADDED ENTRY--GEOGRAPHIC NAME
Geographic name Chicago (Ill.)
Form subdivision Fiction.
9 (RLIN) 24662
906 ## - LOCAL DATA ELEMENT F, LDF (RLIN)
a 7
b cbc
c orignew
d 1
e ocip
f 19
g y-gencatlg
942 ## - ADDED ENTRY ELEMENTS (KOHA)
Source of classification or shelving scheme Library of Congress Classification
Koha item type Books
Holdings
Withdrawn status Lost status Source of classification or shelving scheme Damaged status Home library Current library Shelving location Date acquired Total Checkouts Full call number Barcode Date last seen Copy number Price effective from Koha item type
    Library of Congress Classification   Munich Library Munich Library Scholastic Reading Center Section 03/15/2014   PZ 7 .M478693Cm 2003 MS0374 03/15/2014 1 03/15/2014 Books
    Library of Congress Classification   Munich Library Munich Library Scholastic Reading Center Section 03/15/2014   PZ 7 .M478693Cm 2003 MS0930 03/15/2014 2 03/15/2014 Books

Color me dark :

APA

McKissack P., . (2003). Color me dark. New York: Scholastic.

Chicago

McKissack Pat, . 2003. Color me dark. New York: Scholastic.

Harvard

McKissack P., . (2003). Color me dark. New York: Scholastic.

MLA

McKissack Pat, . Color me dark. New York: Scholastic. 2003.

  • Place hold
  • Print
  • Cite
  • Add to your cart (remove)
  • Save record
    BIBTEX Dublin Core MARCXML MARC (non-Unicode/MARC-8) MARC (Unicode/UTF-8) MARC (Unicode/UTF-8, Standard) MODS (XML) RIS
  • More searches
    Search for this title in:
    Other Libraries (WorldCat) Other Databases (Google Scholar) Online Stores (Bookfinder.com) Open Library (openlibrary.org)

Exporting to Dublin Core...

SOUTHVILLE LIBRARY

Southville International School and Colleges Library

1281 Tropical Ave. Cor. Luxembourg St., BF Homes International, Las Pinas City

Tel. No. 8256374 / 252358 Loc. 117/146

Powered by Koha